[Event "Deggendorf op 2nd"]
[Site "Deggendorf"]
[Date "2008.05.17"]
[Round "2"]
[White "Froechel, Marcel"]
[Black "Bielmeier, Ludwig"]
[Result "0-1"]
[WhiteElo "1708"]
[BlackElo "2058"]
[PlyCount "80"]
[EventDate "2008.05.16"]
[EventType "swiss"]
[EventRounds "5"]
[EventCountry "GER"]
[SourceTitle "CBM 124 Extra"]
[Source "ChessBase"]
[SourceDate "2008.07.03"]
[SourceVersion "1"]
[SourceVersionDate "2008.07.03"]
[SourceQuality "1"]

1. d4 Nf6 2. c4 d6 3. Nf3 c6 4. Nc3 Nbd7 5. e4 e5 6. d5 cxd5 7. cxd5 Be7 8. Bc4 0-0 9. 0-0 Nc5 10. Nd2 a5 11. a4 Bd7 12. f3 Qb6 13. Kh1 Rfc8 14. Qe2 Qa7 15. Nb5 Qb8 16. Ra3 Ne8 17. Nb3 Nxb3 18. Rxb3 Nc7 19. Be3 Na6 20. Rc3 Nc5 21. b3 Bd8 22. Rfc1 Be7 23. Qf2 b6 24. g4 Rf8 25. h4 Qd8 26. g5 f5 27. Bxc5 bxc5 28. Re3 fxe4 29. Rxe4 Bf5 30. Re3 h6 31. Rxe5 dxe5 32. d6+ Kh8 33. Qxc5 Bxg5 34. hxg5 Qxg5 35. Bd5 Qh4+ 36. Kg1 Qg3+ 37. Kh1 Rac8 38. Nc7 Be4 39. Qe3 Bxd5 40. Nxd5 Rxc1+ 0-1